[Event "Oberliga Nord N 1718"]
[Site "Germany"]
[Date "2018.04.15"]
[Round "9.6"]
[White "Hamann, Carsten"]
[Black "Hohlbein, Michael"]
[Result "1/2-1/2"]
[WhiteElo "2143"]
[BlackElo "2077"]
[PlyCount "46"]
[EventDate "2017.10.08"]
[EventType "team-tourn"]
[EventRounds "9"]
[EventCountry "GER"]
[SourceTitle "EXT 2019"]
[Source "ChessBase"]
[SourceDate "2018.10.10"]
[SourceVersion "1"]
[SourceVersionDate "2018.10.10"]
[SourceQuality "1"]
[WhiteTeam "Preetz"]
[BlackTeam "Marmstorf"]
[WhiteTeamCountry "GER"]
[BlackTeamCountry "GER"]

1. e4 c5 2. b4 cxb4 3. a3 d5 4. exd5 Qxd5 5. Nf3 e5 6. c4 Qd8 7. axb4 Nc6 8. Bb2 Bxb4 9. Nxe5 Qe7 10. Qe2 Nf6 11. Nxc6 bxc6 12. Qxe7+ Kxe7 13. Be2 Rd8 14. 0-0 a5 15. Bf3 Be6 16. Rc1 Rd3 17. Bxc6 Rc8 18. Bb5 Ne4 19. Nc3 Nxc3 20. dxc3 Bc5 21. Ba3 Bxa3 22. Rxa3 Bxc4 23. Re1+ Kf6 1/2-1/2

[Event "BL2-Nord 1617"]
[Site "Germany"]
[Date "2017.03.19"]
[Round "7.6"]
[White "Mueller, Michael"]
[Black "Hamann, Carsten"]
[Result "1/2-1/2"]
[WhiteElo "2246"]
[BlackElo "2118"]
[PlyCount "43"]
[EventDate "2016.10.16"]
[EventType "team-tourn"]
[EventRounds "9"]
[EventCountry "GER"]
[SourceTitle "EXT 2018"]
[Source "ChessBase"]
[SourceDate "2017.10.13"]
[SourceVersion "1"]
[SourceVersionDate "2017.10.13"]
[SourceQuality "1"]
[WhiteTeam "Pankow Rotation"]
[BlackTeam "Preetz"]
[WhiteTeamCountry "GER"]
[BlackTeamCountry "GER"]

1. d4 Nf6 2. c4 g6 3. Nc3 Bg7 4. e4 d6 5. f3 0-0 6. Bg5 a6 7. Qd2 Nbd7 8. Nge2 c5 9. d5 b5 10. cxb5 Qa5 11. a4 Nb6 12. Nc1 axb5 13. Bxb5 Ba6 14. Bxa6 Rxa6 15. 0-0 Rb8 16. Qe2 Raa8 17. Ra2 c4 18. Bd2 Qc5+ 19. Be3 Qb4 20. Bd2 Qc5+ 21. Be3 Qb4 22. Bd2 1/2-1/2

[Event "BL2-Nord 1617"]
[Site "Germany"]
[Date "2016.11.19"]
[Round "4.7"]
[White "Hamann, Carsten"]
[Black "Mueller, Oliver"]
[Result "0-1"]
[WhiteElo "2118"]
[BlackElo "2301"]
[PlyCount "82"]
[EventDate "2016.10.16"]
[EventType "team-tourn"]
[EventRounds "9"]
[EventCountry "GER"]
[SourceTitle "EXT 2018"]
[Source "ChessBase"]
[SourceDate "2017.10.13"]
[SourceVersion "1"]
[SourceVersionDate "2017.10.13"]
[SourceQuality "1"]
[WhiteTeam "Preetz"]
[BlackTeam "Werder Bremen II"]
[WhiteTeamCountry "GER"]
[BlackTeamCountry "GER"]

1. e4 c5 2. b4 cxb4 3. a3 d5 4. exd5 Qxd5 5. Nf3 e5 6. c4 Qe6 7. Bb2 Nc6 8. Bd3 Nf6 9. 0-0 Bc5 10. axb4 Nxb4 11. Nxe5 0-0 12. Be2 Nc6 13. Nxc6 Qxc6 14. d4 Rd8 15. Bf3 Qc7 16. d5 Bd6 17. h3 Qxc4 18. Ra4 Qc7 19. Bxf6 gxf6 20. Qd3 f5 21. Nc3 Qe7 22. Qd2 Bd7 23. Ra2 Qe5 24. g3 Bb4 25. Rc1 Rdc8 26. Rac2 Rc4 27. Qd3 Rac8 28. Ne2 Rxc2 29. Rxc2 Rxc2 30. Qxc2 a5 31. Qc1 Be7 32. Qb1 b5 33. Nf4 b4 34. Qc2 a4 35. Nd3 Qd6 36. Nb2 b3 37. Qd3 Bf6 38. Nc4 Qa6 39. d6 a3 40. Qxb3 a2 41. Qb8+ Qc8 0-1

[Event "BL2-Nord 1516"]
[Site "Germany"]
[Date "2015.09.20"]
[Round "1.6"]
[White "Heinig, Wolfram"]
[Black "Hamann, Carsten"]
[Result "1/2-1/2"]
[WhiteElo "2282"]
[BlackElo "2113"]
[PlyCount "120"]
[EventDate "2015.09.19"]
[EventType "team-tourn"]
[EventRounds "9"]
[EventCountry "GER"]
[SourceTitle "EXT 2017"]
[Source "ChessBase"]
[SourceDate "2016.10.25"]
[SourceVersion "1"]
[SourceVersionDate "2016.10.25"]
[SourceQuality "1"]
[WhiteTeam "Zehlendorf"]
[BlackTeam "Preetz"]
[WhiteTeamCountry "GER"]
[BlackTeamCountry "GER"]

1. d4 Nf6 2. c4 g6 3. Nc3 d5 4. Bf4 Bg7 5. e3 c5 6. dxc5 Qa5 7. Rc1 dxc4 8. Bxc4 Qxc5 9. Bb3 Nc6 10. Nf3 0-0 11. 0-0 Bg4 12. h3 Bxf3 13. Qxf3 Qa5 14. Rfd1 Rad8 15. Rxd8 Rxd8 16. g4 e6 17. Rd1 Rxd1+ 18. Qxd1 Qd8 19. Qxd8+ Nxd8 20. Kf1 Nc6 21. Ke2 Nd7 22. Bd6 Bf8 23. Bc7 Nc5 24. Bc2 Nb4 25. Bb1 Be7 26. a3 Nc6 27. b4 Bf6 28. Ne4 Nxe4 29. Bxe4 a6 30. Bxc6 bxc6 31. Bd6 Bb2 32. a4 f5 33. f3 Kf7 34. Kd3 Ke8 35. e4 Kd7 36. Bf4 Bf6 37. Kc4 e5 38. Be3 fxe4 39. fxe4 Be7 40. Bb6 h5 41. gxh5 gxh5 42. Bc5 Bh4 43. Be3 Be7 44. Ba7 Bh4 45. Bc5 Ke6 46. Be3 Be7 47. Bf2 Kd7 48. Bg3 Ke6 49. Bh2 Bd6 50. Bg1 Be7 51. Bf2 Kd7 52. Ba7 Bh4 53. Bc5 Ke6 54. Be3 Be7 55. Bh6 Bd6 56. Bg5 Kd7 57. Bf6 Ke6 58. Bd8 Kd7 59. Bb6 Be7 60. Ba7 Bh4 1/2-1/2

[Event "Berlin Lichtenberger op 14th"]
[Site "Berlin"]
[Date "2015.08.21"]
[Round "7"]
[White "Hamann, Carsten"]
[Black "Kutschke, Jens"]
[Result "1-0"]
[WhiteElo "2116"]
[BlackElo "1975"]
[PlyCount "83"]
[EventDate "2015.08.15"]
[EventType "swiss"]
[EventRounds "9"]
[EventCountry "GER"]
[SourceTitle "EXT 2016"]
[Source "ChessBase"]
[SourceDate "2015.10.08"]
[SourceVersion "1"]
[SourceVersionDate "2015.10.08"]
[SourceQuality "1"]

1. e4 e6 2. d4 d5 3. Nc3 Bb4 4. e5 c5 5. Qg4 Ne7 6. dxc5 Bxc3+ 7. bxc3 Ng6 8. Bd3 Nc6 9. Nf3 Qc7 10. 0-0 Bd7 11. Re1 0-0-0 12. Qg3 f6 13. exf6 Qxg3 14. hxg3 gxf6 15. Nd4 e5 16. Nb5 Be6 17. Rb1 Kd7 18. Nxa7 Nxa7 19. Rxb7+ Kc6 20. Rxa7 Ra8 21. Rg7 e4 22. Be2 Rxa2 23. Be3 Rxc2 24. Rb1 d4 25. Bb5+ Kd5 26. Bxd4 Ne5 27. Rd1 Bg4 28. Rxg4 Nxg4 29. Be3+ Ke5 30. Bf4+ Kf5 31. Bd7+ Kg6 32. Bxg4 Rxc3 33. Be3 h5 34. Be6 Kg7 35. g4 hxg4 36. Bxg4 Kg6 37. Be6 f5 38. Rd5 Rf8 39. g3 Ra3 40. c6 Rb8 41. Bxf5+ Kf6 42. Bxe4 1-0

[Event "Oberliga Nord N 1314"]
[Site "Germany"]
[Date "2014.02.23"]
[Round "7.8"]
[White "Hamann, Carsten"]
[Black "Retzlaff, Wolfgang"]
[Result "1-0"]
[WhiteElo "2123"]
[BlackElo "1728"]
[PlyCount "75"]
[EventDate "2013.10.13"]
[EventType "team-tourn"]
[EventRounds "9"]
[EventCountry "GER"]
[SourceTitle "EXT 2015"]
[Source "ChessBase"]
[SourceDate "2014.11.20"]
[SourceVersion "1"]
[SourceVersionDate "2014.11.20"]
[SourceQuality "1"]
[WhiteTeam "Preetz"]
[BlackTeam "Pinneberg"]
[WhiteTeamCountry "GER"]
[BlackTeamCountry "GER"]

1. e4 c5 2. b4 cxb4 3. a3 Nf6 4. e5 Qa5 5. Nf3 Nd5 6. Bc4 Nc6 7. 0-0 e6 8. Re1 Qc5 9. Bf1 Nd4 10. axb4 Nxf3+ 11. Qxf3 Nxb4 12. Ba3 Qc6 13. Qg3 Nd5 14. c4 Ne7 15. Bxe7 Kxe7 16. Nc3 Rg8 17. Ne4 h6 18. d4 Kd8 19. Qf3 Ke8 20. d5 Qc7 21. Qg3 Kd8 22. Rac1 b6 23. Qf3 exd5 24. Qxf7 dxe4 25. Qxg8 Qc5 26. Rxe4 Bb7 27. Re3 Kc7 28. e6 dxe6 29. Qxe6 Bc6 30. Qf7+ Kb8 31. Rd1 Kc8 32. Re8+ Bxe8 33. Qxe8+ Kc7 34. Rd7+ Kc6 35. Rd8+ Kb7 36. Rxa8 Bd6 37. g3 a5 38. Bg2+ 1-0

[Event "Schleswig Holstein-ch"]
[Site "Neumuenster"]
[Date "2013.03.25"]
[Round "3"]
[White "Hamann, Carsten"]
[Black "Junge, Ralf"]
[Result "0-1"]
[WhiteElo "2174"]
[BlackElo "2319"]
[PlyCount "110"]
[EventDate "2013.03.23"]
[EventType "swiss"]
[EventRounds "5"]
[EventCountry "GER"]
[SourceTitle "CBM 153 Extra"]
[Source "ChessBase"]
[SourceDate "2013.04.22"]
[SourceVersion "1"]
[SourceVersionDate "2013.04.22"]
[SourceQuality "1"]

1. e4 Nf6 2. Nc3 e6 3. d4 d5 4. Bg5 Bb4 5. e5 h6 6. Bc1 Ne4 7. Qg4 g6 8. Nge2 c5 9. a3 Ba5 10. b4 cxb4 11. Nxe4 dxe4 12. axb4 Bxb4+ 13. c3 Be7 14. Ng3 h5 15. Qf4 g5 16. Qe3 Bd7 17. Nxe4 Qc7 18. Ba3 Bc6 19. Nd6+ Bxd6 20. Bxd6 Qd8 21. Be2 f5 22. h3 Nd7 23. c4 Nb6 24. f3 Kf7 25. Qd3 Kg6 26. Kf2 Qg8 27. Qc2 h4 28. Rhd1 Qf7 29. Kg1 Nc8 30. Ba3 Rd8 31. Bc1 Ne7 32. f4 Be4 33. Qb3 Nc6 34. Qc3 Rac8 35. fxg5 b5 36. d5 exd5 37. cxb5 d4 38. Qe1 Nxe5 39. Ra6+ Kg7 40. Qxh4 Rh8 41. Qf4 Ng6 42. Qf2 d3 43. Bb2+ Kh7 44. Rxa7 Rc7 45. Bxd3 Rxa7 46. Bc4 Qe7 47. Bxh8 Kxh8 48. Qb2+ Kh7 49. b6 Rb7 50. Ba6 Qc5+ 51. Kh2 Re7 52. Rc1 Qd6+ 53. Kg1 Nf4 54. g6+ Qxg6 55. b7 Bxb7 0-1

[Event "Oberliga Nord N 1213"]
[Site "Germany"]
[Date "2013.03.17"]
[Round "8.8"]
[White "Voelzke, Ferdinand"]
[Black "Hamann, Carsten"]
[Result "1-0"]
[WhiteElo "2196"]
[BlackElo "2174"]
[PlyCount "171"]
[EventDate "2012.10.14"]
[EventType "team-tourn"]
[EventRounds "9"]
[EventCountry "GER"]
[SourceTitle "EXT 2015"]
[Source "ChessBase"]
[SourceDate "2014.11.20"]
[SourceVersion "1"]
[SourceVersionDate "2014.11.20"]
[SourceQuality "1"]
[WhiteTeam "Kiel Turm"]
[BlackTeam "Preetz"]
[WhiteTeamCountry "GER"]
[BlackTeamCountry "GER"]

1. Nf3 Nf6 2. g3 g6 3. Bg2 Bg7 4. 0-0 0-0 5. c4 d6 6. d4 Nc6 7. Nc3 a6 8. d5 Na5 9. Nd2 c5 10. Qc2 Rb8 11. b3 b5 12. Rb1 e6 13. e4 Re8 14. Bb2 bxc4 15. bxc4 Bh6 16. Ba1 Bd7 17. Rxb8 Qxb8 18. Ncb1 e5 19. Qd3 Bg7 20. Bc3 Qc7 21. Na3 Nh5 22. Qe2 f5 23. exf5 Bxf5 24. Ne4 Nf6 25. Nb1 Nb7 26. Nbd2 Nd8 27. Nxf6+ Bxf6 28. Ne4 Bg7 29. Qb2 Nf7 30. Rb1 Qd7 31. Qb7 Qa4 32. Qc6 Bd7 33. Qxa4 Bxa4 34. Rb6 Bc2 35. Nxd6 Nxd6 36. Rxd6 Rb8 37. h4 Bd3 38. Rxa6 e4 39. Bxg7 Kxg7 40. Re6 Rb1+ 41. Kh2 Rb2 42. Bxe4 Rxf2+ 43. Kg1 Rf1+ 44. Kg2 Bxc4 45. Rc6 Rd1 46. Rxc5 Bxa2 47. Rc7+ Kf6 48. Rxh7 Bxd5 49. Bxd5 Rxd5 50. Ra7 Rd3 51. Ra5 Rb3 52. Kh3 Rb4 53. Ra1 Kg7 54. Re1 Ra4 55. Re3 Rb4 56. Kg2 Kf6 57. Kf3 Kf7 58. Re4 Rb5 59. Ra4 Kf6 60. g4 Rb1 61. Ra6+ Kg7 62. Ra7+ Kg8 63. Kf4 Rb5 64. Re7 Kf8 65. Re5 Rb6 66. Kg5 Kf7 67. Ra5 Kg7 68. Ra7+ Kg8 69. Kh6 Kf8 70. g5 Rb4 71. Kxg6 Rxh4 72. Ra8+ Ke7 73. Kg7 Rg4 74. g6 Ke6 75. Ra6+ Ke7 76. Kg8 Rg1 77. g7 Rh1 78. Ra7+ Ke8 79. Ra4 Ke7 80. Re4+ Kd7 81. Kf7 Rf1+ 82. Kg6 Rg1+ 83. Kf6 Kd6 84. Rd4+ Kc5 85. Rd8 Rf1+ 86. Ke5 1-0

[Event "Schleswig Holstein-ch M 64th"]
[Site "Altenholz"]
[Date "2009.04.08"]
[Round "6"]
[White "Petri, Alexander"]
[Black "Hamann, Carsten"]
[Result "1-0"]
[WhiteElo "2139"]
[BlackElo "2170"]
[PlyCount "81"]
[EventDate "2009.04.04"]
[EventType "swiss"]
[EventRounds "9"]
[EventCountry "GER"]
[SourceTitle "CBM 129 Extra"]
[Source "ChessBase"]
[SourceDate "2009.05.05"]
[SourceVersion "2"]
[SourceVersionDate "2009.05.20"]
[SourceQuality "1"]

1. d4 d5 2. Nf3 Nc6 3. c3 Bg4 4. Qb3 Rb8 5. g3 Bxf3 6. exf3 a6 7. Bg2 e6 8. f4 g6 9. 0-0 Bg7 10. Nd2 Nge7 11. Nf3 0-0 12. Ne5 Qd6 13. Qc2 Rfc8 14. b4 b5 15. Qe2 Re8 16. a4 Nd8 17. Bd2 Nc8 18. axb5 axb5 19. Ra5 c6 20. Rfa1 Nb6 21. Ra7 Re7 22. g4 Na4 23. Rxe7 Qxe7 24. Re1 Ra8 25. f5 exf5 26. Nxc6 Qxe2 27. Rxe2 Nxc6 28. Bxd5 Nxd4 29. cxd4 Rd8 30. Bg5 Nc3 31. Re1 Rf8 32. Bc6 Bxd4 33. gxf5 gxf5 34. Bd7 Ne4 35. Bh4 Ra8 36. Bxf5 Nd2 37. Kg2 Ra3 38. Rd1 Nf3 39. Be7 Bb6 40. Bf6 h6 41. Rc1 1-0

[Event "Schleswig Holstein-ch M 64th"]
[Site "Altenholz"]
[Date "2009.04.04"]
[Round "1"]
[White "Feuerstack, Aljoscha"]
[Black "Hamann, Carsten"]
[Result "1-0"]
[WhiteElo "2345"]
[BlackElo "2170"]
[PlyCount "61"]
[EventDate "2009.04.04"]
[EventType "swiss"]
[EventRounds "9"]
[EventCountry "GER"]
[SourceTitle "CBM 129 Extra"]
[Source "ChessBase"]
[SourceDate "2009.05.05"]
[SourceVersion "2"]
[SourceVersionDate "2009.05.20"]
[SourceQuality "1"]

1. e4 e6 2. d4 d5 3. Nd2 Be7 4. Ngf3 Nf6 5. e5 Nfd7 6. Bd3 c5 7. c3 Nc6 8. 0-0 a5 9. Re1 cxd4 10. cxd4 Qb6 11. Qa4 g5 12. h3 h5 13. g4 hxg4 14. hxg4 Nf8 15. Qb3 Qa7 16. Bb5 Bd7 17. Bxc6 Bxc6 18. Nf1 Ng6 19. Qd1 0-0-0 20. Be3 Rdg8 21. a3 Rh3 22. Ng3 f5 23. exf6 Bxf6 24. Bxg5 Qb8 25. Bxf6 Rxg3+ 26. fxg3 Qxg3+ 27. Kh1 Rf8 28. g5 Rf7 29. Nh2 Rh7 30. Qd2 Nf4 31. Re3 1-0

[Event "Schleswig Holstein-ch M 63rd"]
[Site "Gross Groenau"]
[Date "2008.03.21"]
[Round "7"]
[White "Bernhardt, Gerd"]
[Black "Hamann, Carsten"]
[Result "0-1"]
[WhiteElo "2031"]
[BlackElo "2173"]
[PlyCount "92"]
[EventDate "2008.03.15"]
[EventType "swiss"]
[EventRounds "9"]
[EventCountry "GER"]
[SourceTitle "EXT 2010"]
[Source "ChessBase"]
[SourceDate "2010.11.25"]
[SourceVersion "1"]
[SourceVersionDate "2010.11.25"]
[SourceQuality "1"]

1. e4 e6 2. d4 d5 3. exd5 exd5 4. Bd3 c5 5. Nf3 Nf6 6. Bg5 Be7 7. dxc5 0-0 8. 0-0 Nc6 9. Nc3 Be6 10. Ne2 h6 11. Bh4 Bg4 12. Nd2 Bxc5 13. Nb3 Bb6 14. h3 Bh5 15. g4 Bg6 16. Bxg6 fxg6 17. Nbd4 Qd7 18. Kg2 Rae8 19. Nxc6 bxc6 20. f3 g5 21. Bf2 c5 22. c3 Qb5 23. c4 Qxc4 24. Ng3 d4 25. Nf5 Re2 26. Rc1 Qe6 27. Rc2 Rxc2 28. Qxc2 Nd5 29. Kh1 Nf4 30. Re1 d3 31. Qc3 Qf6 32. Qc4+ Kh8 33. Bg3 Qc6 34. Re4 Qd5 35. Bxf4 Qxc4 36. Rxc4 Rxf5 37. gxf5 gxf4 38. Rc1 c4 39. Rd1 Be3 40. Kg2 Kg8 41. Kf1 Kf7 42. a4 a5 43. Ra1 Ke7 44. Ra3 Bd4 45. Ke1 Bxb2 46. Ra2 c3 0-1